[Event "XLI Olimpiadi femminile"]
[Site "Tromso NOR"]
[Date "2014.08.14"]
[Round "11.3"]
[White "Pavlidou, Ekaterini"]
[Black "Sedina, Elena"]
[WhiteElo "2170"]
[BlackElo "2291"]
[Result "1/2-1/2"]
[Annotator "ITA-GRE"]
[PlyCount "39"]
[EventDate "2014.08.02"]

1. d4 d5 2. c4 c6 3. Nf3 Nf6 4. e3 Bf5 5. Nc3 e6 6. Nh4 Bg6 7. Be2 Nbd7 8. O-O
Ne4 9. Nxg6 hxg6 10. Nxe4 dxe4 11. h3 Bd6 12. Bd2 Qe7 13. b4 f5 14. Qb3 Rxh3
15. gxh3 Qg5+ 16. Kh1 Qh4 17. Kg2 Qg5+ 18. Kh1 Qh4 19. Kg2 Qg5+ 20. Kh1 1/2-1/2

[Event "XLI Olimpiadi femminile"]
[Site "Tromso NOR"]
[Date "2014.08.14"]
[Round "11.4"]
[White "Messina, Roberta"]
[Black "Makropoulou, Marina"]
[WhiteElo "2042"]
[BlackElo "2218"]
[Result "0-1"]
[Annotator "ITA-GRE"]
[PlyCount "128"]
[EventDate "2014.08.02"]

1. Nf3 Nf6 2. g3 g6 3. b3 Bg7 4. Bb2 d5 5. c4 O-O 6. Qc2 Nc6 7. cxd5 Nb4 8. Qc4
a5 9. a3 b5 10. Qc1 Nbxd5 11. Nc3 Rb8 12. e4 Nxc3 13. Qxc3 b4 14. Qc2 Rb6 15.
axb4 axb4 16. Bg2 Ba6 17. Ne5 Bb5 18. Bf1 Nd7 19. Bxb5 Nxe5 20. Be2 Rc6 21. Qb1
Nd3+ 22. Qxd3 Bxb2 23. Rb1 Bd4 24. O-O e5 25. Kg2 Rd6 26. Qb5 Rb6 27. Qc4 c5
28. d3 Kg7 29. f4 Qe7 30. fxe5 Qxe5 31. Qc1 Ra8 32. Qf4 Qxf4 33. gxf4 Ra2 34.
Kf3 f6 35. Rfc1 Rba6 36. h3 R6a3 37. e5 fxe5 38. fxe5 Kf7 39. Bf1 Rf2+ 40. Ke4
Rf5 41. e6+ Kxe6 42. h4 Re5+ 43. Kf3 Kd6 44. Rc2 Re3+ 45. Kg2 Bf6 46. Kf2 Re5
47. Kg3 Rh5 48. Rc4 Be5+ 49. Kf3 Bd4 50. Kg3 Ra2 51. Rbc1 Rb2 52. Ra1 Rxb3 53.
Ra6+ Kc7 54. Rc2 Ra3 55. Rxa3 bxa3 56. Bh3 Re5 57. Ra2 Re3+ 58. Kg2 Bb2 59. Bg4
Kd6 60. h5 Rxd3 61. hxg6 hxg6 62. Be2 Rc3 63. Bb5 Ke5 64. Be8 Kf4 0-1

[Event "V Festival Terre degli Elimi A"]
[Site "Erice ITA"]
[Date "2014.07.19"]
[Round "1"]
[White "Aleksic, Nenad"]
[Black "Blom, Martijn"]
[WhiteElo "2348"]
[BlackElo "2020"]
[Result "1-0"]
[PlyCount "122"]
[EventDate "2014.07.19"]

1. e4 e6 2. d4 d5 3. Nc3 Nf6 4. e5 Nfd7 5. Nf3 c5 6. dxc5 Nc6 7. Bf4 Bxc5 8.
Bd3 f6 9. exf6 Nxf6 10. O-O O-O 11. Ne5 Nb4 12. Qe2 Nxd3 13. Nxd3 Bd6 14. Be5
Qe7 15. Rae1 Bd7 16. Bd4 Rfe8 17. Ne5 Bc6 18. f4 Bc5 19. Qf2 Nd7 20. Nxd7 Bxd4
21. Qxd4 Qxd7 22. Rf2 Qf7 23. Nd1 Qf6 24. Re5 b6 25. Ne3 h6 26. Ng4 Qg6 27. h3
Rf8 28. Re3 Be8 29. Ne5 Qh5 30. Rg3 Rc8 31. c3 Rc7 32. Qe3 Qf5 33. a3 Bb5 34.
Kh2 Be8 35. Qd2 Bh5 36. Re3 Qf6 37. Qe1 Re8 38. Rf1 Bf7 39. Qg3 Rce7 40. Ng4
Qg6 41. Qh4 Qh5 42. Qg3 Qg6 43. Qe1 Rc7 44. Qg3 Rc4 45. Qe1 Rc7 46. Re5 Rc4 47.
Kg1 Rc7 48. Kh1 Rcc8 49. Qg3 Kh7 50. Qf2 Rc4 51. f5 exf5 52. Rxe8 Bxe8 53. Ne5
Qd6 54. Nxc4 dxc4 55. Qxf5+ Bg6 56. Qf4 Qe6 57. Kh2 Bd3 58. Rf3 a5 59. Re3 Qg6
60. Qd4 Qc6 61. Re7 Bg6 1-0

[Event "V Festival Terre degli Elimi A"]
[Site "Erice ITA"]
[Date "2014.07.19"]
[Round "1"]
[White "Amato, Andrea"]
[Black "Fabiano, Giuseppe"]
[WhiteElo "2350"]
[BlackElo "2053"]
[Result "1-0"]
[PlyCount "91"]
[EventDate "2014.07.19"]

1. Nf3 c5 2. c4 Nf6 3. g3 b6 4. Bg2 Bb7 5. O-O e6 6. Nc3 d6 7. Re1 Nbd7 8. d4
cxd4 9. Qxd4 a6 10. b3 Be7 11. Bb2 h6 12. Rad1 Rb8 13. e4 O-O 14. Qe3 Qc7 15.
Nd4 Rfd8 16. f4 Bf8 17. f5 e5 18. Nf3 d5 19. Qe2 Bc5+ 20. Kh1 Ng4 21. Rf1 d4
22. Nd5 Bxd5 23. exd5 Ne3 24. Nd2 Nf6 25. Ne4 Nxe4 26. Bxe4 f6 27. Bc1 b5 28.
Bxe3 dxe3 29. cxb5 axb5 30. Rc1 Qb6 31. Rc2 Rd6 32. Rfc1 Ba3 33. Rd1 Bb4 34.
Rd3 Bd2 35. b4 Qd8 36. a3 Rc8 37. Rc5 Rc7 38. Kg2 Qc8 39. Rc6 Qd8 40. Rc5 Qd7
41. Qd1 Qc8 42. Qc2 Rxc5 43. bxc5 e2 44. Qxd2 Qxc5 45. Qxe2 Qc4 46. Rd2 1-0

[Event "V Festival Terre degli Elimi A"]
[Site "Erice ITA"]
[Date "2014.07.19"]
[Round "1"]
[White "Aranaz Murillo, Amalia"]
[Black "Campo, Renato"]
[WhiteElo "2298"]
[BlackElo "1992"]
[Result "1-0"]
[PlyCount "67"]
[EventDate "2014.07.19"]

1. Nf3 g6 2. d4 Bg7 3. g3 d6 4. Bg2 Nf6 5. O-O O-O 6. c4 c5 7. Nc3 Nc6 8. dxc5
dxc5 9. Be3 Qa5 10. Qa4 Qb4 11. Qb5 a6 12. Qxc5 Qxb2 13. Na4 Nd7 14. Nxb2 Nxc5
15. Bxc5 Bxb2 16. Rab1 Bf6 17. Nd2 Bd4 18. Bxc6 Bxc5 19. Bxb7 Bxb7 20. Rxb7
Rfc8 21. Rc1 a5 22. Nb3 Ba3 23. Rc2 Ra6 24. Rb5 a4 25. Nd2 Rd6 26. Kg2 f5 27.
e3 Kf7 28. Nf3 Bc5 29. Kf1 Kf6 30. Ke2 e5 31. Nd2 e4 32. Ra5 a3 33. Nb3 Bb4 34.
Rb5 1-0

[Event "V Festival Terre degli Elimi A"]
[Site "Erice ITA"]
[Date "2014.07.19"]
[Round "1"]
[White "Aranaz Portugues, Jose' Carlos"]
[Black "Winter, Kevin"]
[WhiteElo "2096"]
[BlackElo "1825"]
[Result "1-0"]
[PlyCount "75"]
[EventDate "2014.07.19"]

1. d4 d5 2. c4 e5 3. dxe5 d4 4. Nf3 Nc6 5. g3 Bf5 6. a3 Qd7 7. Bg2 f6 8. exf6
Nxf6 9. b4 O-O-O 10. O-O Bh3 11. b5 Ne7 12. Qxd4 Qxd4 13. Bxh3+ Kb8 14. Nxd4
Rxd4 15. Be3 Rxc4 16. Rd1 Ned5 17. Be6 c6 18. bxc6 bxc6 19. Bf4+ Ka8 20. Nd2
Ra4 21. Be5 Be7 22. Rac1 Ra6 23. e4 Nb6 24. Rxc6 Rd8 25. Rb1 Rxa3 26. Nc4 Nxc4
27. Rxc4 Rad3 28. Rb5 a6 29. Ra5 Kb7 30. Ra2 Bd6 31. Rb2+ Ka8 32. Bxf6 gxf6 33.
Bd5+ Rxd5 34. exd5 Be5 35. Rd2 Kb7 36. f4 Bc7 37. Kg2 Rg8 38. Rb2+ 1-0

[Event "V Festival Terre degli Elimi A"]
[Site "Erice ITA"]
[Date "2014.07.19"]
[Round "1"]
[White "Bertino, Giacomo"]
[Black "Adrian, Claude"]
[WhiteElo "1918"]
[BlackElo "2236"]
[Result "0-1"]
[PlyCount "52"]
[EventDate "2014.07.19"]

1. d4 d5 2. Nf3 Nc6 3. Bf4 Bg4 4. Nbd2 e6 5. c4 Nf6 6. Qa4 Bd6 7. Ne5 O-O 8.
Nxc6 bxc6 9. Bg5 Rb8 10. b3 c5 11. dxc5 Bxc5 12. Rc1 d4 13. Qa5 Qd6 14. f3 Bf5
15. g4 Bg6 16. a3 Bxa3 17. c5 Qd5 18. Qxa3 Qxg5 19. h4 Qe3 20. Nc4 Rxb3 21. Qa1
Qf4 22. Nd2 Re3 23. h5 Bd3 24. Kd1 Bb5 25. Qxa7 Nd5 26. Qa5 Ra3 0-1

[Event "V Festival Terre degli Elimi A"]
[Site "Erice ITA"]
[Date "2014.07.19"]
[Round "1"]
[White "Bijlsma, Nick"]
[Black "Messina, Damiano"]
[WhiteElo "2210"]
[BlackElo "1857"]
[Result "1-0"]
[PlyCount "53"]
[EventDate "2014.07.19"]

1. e4 c6 2. d4 d5 3. exd5 cxd5 4. c4 Nf6 5. Nc3 Nc6 6. Bg5 e6 7. Nf3 Be7 8. Be2
O-O 9. O-O a6 10. c5 Ne4 11. Bxe7 Qxe7 12. Na4 Rb8 13. a3 Rd8 14. Rc1 e5 15.
dxe5 Nxe5 16. Nd4 Bd7 17. b4 Nc6 18. Nb6 Nxd4 19. Qxd4 Bc6 20. Bf3 Qg5 21. Rfd1
h5 22. a4 Nf6 23. Rb1 Ng4 24. b5 axb5 25. axb5 Ne5 26. Be2 Bd7 27. f4 1-0

[Event "V Festival Terre degli Elimi A"]
[Site "Erice ITA"]
[Date "2014.07.19"]
[Round "1"]
[White "Bondielli, Giorgio"]
[Black "Valguarnera, Girolamo"]
[WhiteElo "1820"]
[BlackElo "2090"]
[Result "1-0"]
[PlyCount "113"]
[EventDate "2014.07.19"]

1. e4 c6 2. d4 d5 3. Nc3 dxe4 4. Nxe4 Nf6 5. Nxf6+ exf6 6. Nf3 Bd6 7. Be2 O-O
8. O-O Qc7 9. h3 Re8 10. Re1 Nd7 11. Bd3 Rxe1+ 12. Qxe1 Nf8 13. c4 Be6 14. Qc3
Ng6 15. Bd2 Nf4 16. Bxf4 Bxf4 17. Re1 Rd8 18. b3 a5 19. Nd2 Qd7 20. Nf3 Qc7 21.
a3 Bd6 22. b4 axb4 23. axb4 Bf8 24. Qc2 g6 25. c5 b5 26. Rd1 Ra8 27. Qc3 Bd5
28. Bc2 Bg7 29. Re1 h6 30. Be4 Be6 31. Bxg6 f5 32. Bh5 Qa7 33. Ne5 Bxe5 34.
dxe5 Qa2 35. Qg3+ Kh7 36. Qh4 Rg8 37. Bf3 Qa6 38. Qd4 Rc8 39. Ra1 Qb7 40. Qf4
Rd8 41. Kh2 Rd3 42. Rd1 Rc3 43. Rd6 Rc4 44. Qd2 Qa7 45. Bxc6 Qa1 46. f4 Qf1 47.
Bxb5 Qxf4+ 48. Qxf4 Rxf4 49. Bd7 Rxb4 50. c6 Rc4 51. Bxe6 fxe6 52. Rxe6 Kg7 53.
Kg1 Rc5 54. Kf2 Kf7 55. Rxh6 Rxe5 56. c7 Rc5 57. Rh8 1-0

[Event "V Festival Terre degli Elimi A"]
[Site "Erice ITA"]
[Date "2014.07.19"]
[Round "1"]
[White "De Coninck, Rafael"]
[Black "Guccione, Cristoforo"]
[WhiteElo "2133"]
[BlackElo "1835"]
[Result "1-0"]
[PlyCount "37"]
[EventDate "2014.07.19"]

1. d4 Nf6 2. Nf3 g6 3. c4 c5 4. d5 b5 5. cxb5 a6 6. e3 Bg7 7. Nc3 O-O 8. a4 d6
9. h3 axb5 10. Bxb5 Na6 11. O-O Nb4 12. e4 Ba6 13. Ra3 Bxb5 14. axb5 Nd7 15.
Qb3 f5 16. Ng5 Ne5 17. Ne6 Qb6 18. exf5 Rxf5 19. Rxa8+ 1-0

[Event "V Festival Terre degli Elimi A"]
[Site "Erice ITA"]
[Date "2014.07.19"]
[Round "1"]
[White "De Wachter, Matthias"]
[Black "Gueci, Laura"]
[WhiteElo "2276"]
[BlackElo "1968"]
[Result "1/2-1/2"]
[PlyCount "76"]
[EventDate "2014.07.19"]

1. Nf3 c5 2. c4 Nc6 3. d4 cxd4 4. Nxd4 g6 5. e4 Nf6 6. Nc3 Nxd4 7. Qxd4 d6 8.
Bg5 Bg7 9. Qd2 O-O 10. Bd3 a5 11. O-O a4 12. Rac1 Be6 13. f4 Qb6+ 14. Kh1 Rfc8
15. f5 Bxc4 16. fxg6 hxg6 17. Nxa4 Qd4 18. Rxc4 Rxc4 19. Nb6 Qxb6 20. Bxc4 Qc5
21. Bd5 Nxd5 22. exd5 Qc4 23. Rc1 Qxa2 24. Bxe7 Bxb2 25. Rf1 Be5 26. Qxa2 Rxa2
27. g3 b5 28. Rb1 Ra7 29. Bg5 Rb7 30. Bd2 Kg7 31. Kg2 Rc7 32. Kf3 Rc5 33. Be3
Rc2 34. Rxb5 Rxh2 35. Rb7 Ra2 36. g4 Ra3 37. Ke4 Ra4+ 38. Kf3 Ra3 1/2-1/2

[Event "V Festival Terre degli Elimi A"]
[Site "Erice ITA"]
[Date "2014.07.19"]
[Round "1"]
[White "De Wit, Tex"]
[Black "Favaloro, Andrea"]
[WhiteElo "2330"]
[BlackElo "2008"]
[Result "1-0"]
[PlyCount "161"]
[EventDate "2014.07.19"]

1. c4 Nf6 2. Nc3 g6 3. g3 Bg7 4. Bg2 O-O 5. e4 d6 6. Nge2 c5 7. O-O Nc6 8. d3
Ne8 9. Be3 Nc7 10. d4 cxd4 11. Nxd4 Ne6 12. Nde2 a5 13. Rb1 Nc5 14. f4 a4 15.
Qc2 Nb4 16. Qd2 Be6 17. b3 Nxa2 18. Nxa2 axb3 19. Nb4 Bxc4 20. e5 Qa5 21. Rfe1
dxe5 22. Qc3 exf4 23. Bd4 Bxd4+ 24. Nxd4 Nd3 25. Qxc4 Nxe1 26. Rxe1 fxg3 27.
Nxb3 gxh2+ 28. Kh1 Qg5 29. Rf1 Rac8 30. Qd4 e5 31. Qb6 Rc3 32. Nd5 Rg3 33. Nf6+
Kg7 34. Ne4 Qe3 35. Qf6+ Kg8 36. Nxg3 Qxb3 37. Qxe5 Qe6 38. Qxe6 fxe6 39. Rxf8+
Kxf8 40. Bxb7 Ke7 41. Kxh2 h6 42. Ne4 e5 43. Bd5 Kd7 44. Kg3 Ke7 45. Kg4 Kf8
46. Nd2 Ke7 47. Nf3 Kf6 48. Be4 g5 49. Kh5 Ke6 50. Nh2 Kd6 51. Kxh6 Kc5 52.
Kxg5 Kd4 53. Kf5 Kc5 54. Kxe5 Kc4 55. Nf3 Kc3 56. Kd5 Kb3 57. Ne5 Kc3 58. Nc4
Kb3 59. Kd4 Kb4 60. Bc6 Kb3 61. Ne3 Kb4 62. Nc2+ Kb3 63. Kd3 Kb2 64. Bd5 Kb1
65. Kc3 Kc1 66. Ba2 Kd1 67. Nd4 Ke1 68. Kd3 Kf2 69. Ne2 Kf3 70. Be6 Kf2 71. Bg4
Ke1 72. Ke3 Kd1 73. Bf5 Ke1 74. Bc2 Kf1 75. Nf4 Ke1 76. Ng2+ Kf1 77. Kf3 Kg1
78. Kg3 Kf1 79. Bd3+ Kg1 80. Nf4 Kh1 81. Bc4 1-0

[Event "V Festival Terre degli Elimi A"]
[Site "Erice ITA"]
[Date "2014.07.19"]
[Round "1"]
[White "Di Misa, Salvatore"]
[Black "Manakova, Maria"]
[WhiteElo "1962"]
[BlackElo "2273"]
[Result "0-1"]
[PlyCount "84"]
[EventDate "2014.07.19"]

1. Nf3 Nf6 2. c4 g6 3. g3 Bg7 4. Bg2 O-O 5. O-O d5 6. cxd5 Nxd5 7. d4 Nc6 8. e3
Bf5 9. Nh4 Bc8 10. Qb3 Nb6 11. Nc3 e5 12. d5 Na5 13. Qc2 Qe7 14. b3 e4 15. Bxe4
Bxc3 16. Qxc3 Qxe4 17. Qxa5 Qxd5 18. Qxd5 Nxd5 19. Bb2 f6 20. e4 Nb4 21. Rfd1
Be6 22. a3 Nc6 23. b4 Kf7 24. Nf3 Bg4 25. Kg2 Rad8 26. h3 Bc8 27. Ng1 Rfe8 28.
f3 a6 29. Kf2 Be6 30. Bc3 Bb3 31. Rxd8 Rxd8 32. Ne2 b5 33. Rb1 Bc4 34. Be1 Ne5
35. Nc3 Nd3+ 36. Kg2 Nxe1+ 37. Rxe1 Rd2+ 38. Kg1 Rd3 39. Nd5 Rxf3 40. Kg2 Rxa3
41. Nxc7 Ra4 42. Rb1 Ke7 0-1

[Event "V Festival Terre degli Elimi A"]
[Site "Erice ITA"]
[Date "2014.07.19"]
[Round "1"]
[White "Ferro, Mario"]
[Black "Iannello, Andrea"]
[WhiteElo "2242"]
[BlackElo "1924"]
[Result "1-0"]
[PlyCount "99"]
[EventDate "2014.07.19"]

1. d4 Nf6 2. c4 e6 3. Nf3 Bb4+ 4. Bd2 Qe7 5. Qc2 Bxd2+ 6. Nbxd2 c5 7. e4 d5 8.
b4 dxe4 9. Nxe4 cxd4 10. c5 O-O 11. Nxd4 a5 12. Bd3 Nxe4 13. Bxe4 f5 14. Bf3
Na6 15. bxa5 Qxc5 16. Qxc5 Nxc5 17. Nb3 Nd3+ 18. Ke2 Ne5 19. Rac1 Nxf3 20. Kxf3
Bd7 21. Kf4 Bc6 22. f3 Rad8 23. Rc5 Kf7 24. Ke5 Rd5+ 25. Rxd5 Bxd5 26. Ra1 Rc8
27. Rc1 Rxc1 28. Nxc1 Ke7 29. Nb3 Kd7 30. Nc5+ Kc6 31. Nxe6 Bxa2 32. Nd4+ Kc5
33. Nxf5 g6 34. Nd6 Bd5 35. Ne4+ Kc6 36. g4 Bc4 37. f4 Be2 38. f5 Bxg4 39. f6
Kd7 40. Nc5+ Ke8 41. Nxb7 Be2 42. Nc5 Kf7 43. a6 Bb5 44. a7 Bc6 45. Kd6 Ba8 46.
Kc7 Kxf6 47. Kb8 Bc6 48. Nb7 Bxb7 49. Kxb7 Kf5 50. a8=Q 1-0

[Event "V Festival Terre degli Elimi A"]
[Site "Erice ITA"]
[Date "2014.07.19"]
[Round "1"]
[White "Friesen, Boris"]
[Black "Burg, Twan"]
[WhiteElo "2076"]
[BlackElo "2508"]
[Result "0-1"]
[PlyCount "92"]
[EventDate "2014.07.19"]

1. e4 c5 2. Nf3 d6 3. d4 cxd4 4. Nxd4 Nf6 5. Nc3 a6 6. Be3 Nbd7 7. f3 e6 8. Qd2
b5 9. g4 h6 10. h4 b4 11. Na4 d5 12. O-O-O dxe4 13. Be2 Qa5 14. b3 Bb7 15. g5
hxg5 16. hxg5 Rxh1 17. Rxh1 Nd5 18. g6 fxg6 19. Nxe6 Nxe3 20. Nxf8 Nxf8 21.
Qxe3 Qe5 22. Kb1 Ne6 23. Rh8+ Ke7 24. Rxa8 Bxa8 25. Qa7+ Nc7 26. fxe4 Bxe4 27.
Bc4 Qd6 28. Qf2 Bf5 29. Nc5 a5 30. Qe3+ Kf8 31. Qf2 Nd5 32. Bxd5 Qxd5 33. Nd3
g5 34. Qg3 g4 35. Qb8+ Ke7 36. Qc7+ Kf6 37. Nf4 Qd1+ 38. Kb2 Qd4+ 39. Kc1 Qe3+
40. Kd1 Be4 41. Qd8+ Kf5 42. Qf8+ Kg5 43. Ne6+ Kh4 44. Qh8+ Kg3 45. Qb8+ Kf2
46. Qh2+ Kf1 0-1

[Event "V Festival Terre degli Elimi A"]
[Site "Erice ITA"]
[Date "2014.07.19"]
[Round "1"]
[White "Gelardi, Davide"]
[Black "Van Der Eijk, Martijn"]
[WhiteElo "1851"]
[BlackElo "2198"]
[Result "0-1"]
[PlyCount "68"]
[EventDate "2014.07.19"]

1. Nf3 d6 2. d4 g6 3. c4 Bg7 4. Nc3 Nd7 5. e4 e5 6. Bg5 Ngf6 7. Be2 O-O 8. Qd2
c6 9. O-O-O Qa5 10. dxe5 dxe5 11. Ne1 b5 12. cxb5 cxb5 13. Bxb5 Nxe4 14. Nxe4
Qxb5 15. Nd6 Qa6 16. Kb1 Nb6 17. Nc2 Nc4 18. Nxc4 Qxc4 19. Qb4 Qc7 20. Ne3 Rb8
21. Qd2 Be6 22. Rc1 Qb7 23. Nc4 Qxg2 24. Be7 Bxc4 25. Bxf8 Bxf8 26. Qc3 Qb7 27.
b3 Bd5 28. Rhg1 Be4+ 29. Ka1 Bf5 30. Qe3 Bg7 31. a3 Be6 32. Rb1 Qa6 33. Ka2 Bf8
34. a4 Qxa4+ 0-1

[Event "V Festival Terre degli Elimi A"]
[Site "Erice ITA"]
[Date "2014.07.19"]
[Round "1"]
[White "Gueci, Tea"]
[Black "Iordachescu, Viorel"]
[WhiteElo "2089"]
[BlackElo "2593"]
[Result "0-1"]
[PlyCount "126"]
[EventDate "2014.07.19"]

1. e4 g6 2. d4 Bg7 3. Nc3 c6 4. Be3 Qb6 5. Rb1 Nf6 6. e5 Nd5 7. Nxd5 cxd5 8. c3
O-O 9. Bd3 d6 10. exd6 Qxd6 11. Nf3 Nc6 12. O-O f6 13. c4 Kh8 14. Qd2 dxc4 15.
Bxc4 Bg4 16. Be2 Be6 17. b4 a6 18. a4 Bd5 19. Rfd1 Rfd8 20. Ne1 a5 21. b5 Nb4
22. Nd3 Nxd3 23. Bxd3 Rdc8 24. Rdc1 b6 25. Rxc8+ Rxc8 26. Rc1 Qd7 27. Rxc8+
Qxc8 28. Qc2 Qxc2 29. Bxc2 f5 30. f4 Kg8 31. Kf2 Kf7 32. g3 Ke6 33. Ke2 Kd7 34.
Kd3 e6 35. Kc3 Bf8 36. Bb3 Bb4+ 37. Kb2 Kd6 38. Bxd5 Kxd5 39. Kb3 Be7 40. Kc3
Ke4 41. Kd2 Bd8 42. Ke2 Bc7 43. Bg1 h6 44. h4 Bd8 45. Be3 Kd5 46. Kd3 Bf6 47.
Bf2 Be7 48. Be3 Ba3 49. Bg1 Bb4 50. Bf2 h5 51. Kc2 Kc4 52. d5 exd5 53. Bxb6 Be1
54. Bc7 Kc5 55. Kd3 Bxg3 56. Bxa5 Bxh4 57. Bc7 Bg3 58. b6 Kc6 59. a5 Kb7 60.
Be5 h4 61. Ke2 g5 62. Kf3 g4+ 63. Kg2 Be1 0-1

[Event "V Festival Terre degli Elimi A"]
[Site "Erice ITA"]
[Date "2014.07.19"]
[Round "1"]
[White "Hickman, John E."]
[Black "Bezemer, Arno"]
[WhiteElo "1977"]
[BlackElo "2287"]
[Result "0-1"]
[PlyCount "60"]
[EventDate "2014.07.19"]

1. Nf3 Nf6 2. g3 g6 3. Bg2 Bg7 4. O-O O-O 5. d3 d6 6. e4 c5 7. Re1 Nc6 8. c3 e5
9. a3 b6 10. b4 Bb7 11. b5 Ne7 12. c4 h6 13. Bd2 Ne8 14. Nc3 Nc7 15. a4 a5 16.
Nh4 Ne6 17. Ne2 Ra7 18. Rf1 Qa8 19. Bh3 Ng5 20. Bxg5 hxg5 21. Ng2 f5 22. f3 Kf7
23. Ne3 Rh8 24. Kg2 Qc8 25. Nc3 Qg8 26. Ne2 Ke8 27. Ra2 g4 28. fxg4 fxe4 29. d4
exd4 30. Nf4 Be5 0-1

[Event "V Festival Terre degli Elimi A"]
[Site "Erice ITA"]
[Date "2014.07.19"]
[Round "1"]
[White "Iannello, Antonio"]
[Black "Sardo, Gabriele"]
[WhiteElo "1933"]
[BlackElo "2253"]
[Result "0-1"]
[PlyCount "52"]
[EventDate "2014.07.19"]

1. e4 c5 2. Nf3 e6 3. d4 cxd4 4. Nxd4 Nc6 5. Nc3 Qc7 6. Be3 a6 7. Bd3 Nf6 8.
Nb3 e5 9. O-O Bb4 10. Nd5 Nxd5 11. exd5 Na5 12. Nxa5 Qxa5 13. a3 Be7 14. c4 d6
15. b4 Qd8 16. Rc1 O-O 17. c5 f5 18. f3 a5 19. Qb3 Bg5 20. f4 exf4 21. Bxf4
axb4 22. axb4 Bxf4 23. Rxf4 Qg5 24. Rcf1 Ra1 25. Qc2 Qxf4 26. Rxa1 Qd4+ 0-1

[Event "V Festival Terre degli Elimi A"]
[Site "Erice ITA"]
[Date "2014.07.19"]
[Round "1"]
[White "Larsen, Karsten"]
[Black "Marzaduri, Riccardo"]
[WhiteElo "2265"]
[BlackElo "1944"]
[Result "1/2-1/2"]
[PlyCount "92"]
[EventDate "2014.07.19"]

1. e4 e6 2. d3 d5 3. Nd2 Nf6 4. Ngf3 b6 5. Be2 c5 6. O-O Bb7 7. e5 Nfd7 8. Re1
Nc6 9. Bf1 Qc7 10. Qe2 g5 11. Nxg5 Ndxe5 12. Ndf3 h6 13. Nh3 Nxf3+ 14. Qxf3
O-O-O 15. c3 Bd6 16. Bf4 e5 17. Bg3 Kb8 18. Qf6 h5 19. f4 h4 20. Bf2 exf4 21.
d4 f3 22. Qxf3 Bxh2+ 23. Kh1 Rdg8 24. Rad1 c4 25. b4 Bg3 26. b5 Bxf2 27. Qxf2
Nd8 28. Re3 Bc8 29. Nf4 Qd6 30. Rde1 Ne6 31. Nxe6 Bxe6 32. Qf6 Qd7 33. Re5 h3
34. g3 Qxb5 35. Be2 Qb2 36. Re3 Re8 37. Bf3 Qa3 38. Bg4 Qxa2 39. R3e2 Qa3 40.
Bxe6 fxe6 41. Rxe6 Rhf8 42. Rxb6+ axb6 43. Qxb6+ Ka8 44. Qc6+ Ka7 45. Qc7+ Ka8
46. Qc6+ Ka7 1/2-1/2

[Event "V Festival Terre degli Elimi A"]
[Site "Erice ITA"]
[Date "2014.07.19"]
[Round "1"]
[White "Lewyk, Ihor"]
[Black "Sadzikowski, Daniel"]
[WhiteElo "2069"]
[BlackElo "2481"]
[Result "1/2-1/2"]
[PlyCount "95"]
[EventDate "2014.07.19"]

1. Nf3 c5 2. c4 Nc6 3. Nc3 g6 4. g3 Bg7 5. Bg2 e6 6. O-O Nge7 7. d3 O-O 8. Bg5
h6 9. Be3 b6 10. Qc1 Kh7 11. Rb1 Bb7 12. Rd1 Rc8 13. d4 cxd4 14. Nxd4 Nxd4 15.
Bxb7 Rxc4 16. Bxd4 Rxd4 17. Rxd4 Bxd4 18. Nb5 Be5 19. f4 Bb8 20. Bf3 a6 21. Nc3
d5 22. Qd2 b5 23. Rd1 Ba7+ 24. Kh1 Nf5 25. e4 Ne3 26. Re1 d4 27. Nd1 Nc4 28.
Qd3 Qa5 29. Re2 Qxa2 30. h4 Nd6 31. b3 Qa5 32. h5 b4 33. hxg6+ fxg6 34. Rc2 Qb6
35. Nb2 Bb8 36. Nc4 Nxc4 37. Rxc4 e5 38. f5 Qb7 39. fxg6+ Kxg6 40. Qe2 Kh7 41.
Kg2 Bd6 42. Bh5 Qd7 43. Bg4 Qb7 44. Be6 Qe7 45. Bf5+ Kh8 46. Rc6 a5 47. Qa6 Rd8
48. Rb6 1/2-1/2

[Event "V Festival Terre degli Elimi A"]
[Site "Erice ITA"]
[Date "2014.07.19"]
[Round "1"]
[White "Lombardo, Corrado"]
[Black "Corsino, Gianluca"]
[WhiteElo "1830"]
[BlackElo "2110"]
[Result "0-1"]
[PlyCount "114"]
[EventDate "2014.07.19"]

1. e4 c5 2. Nf3 d6 3. d4 cxd4 4. Nxd4 Nf6 5. Nc3 g6 6. Be2 Bg7 7. Be3 O-O 8.
Qd2 Nc6 9. O-O Bd7 10. f3 a6 11. a4 Rc8 12. Nxc6 Bxc6 13. Kh1 Bd7 14. Bh6 Be6
15. Bxg7 Kxg7 16. f4 Qa5 17. Qd4 Qc5 18. Qxc5 Rxc5 19. Bd3 Rfc8 20. Ne2 Bc4 21.
Rfc1 Bxd3 22. cxd3 Rc2 23. Rab1 R8c6 24. Nc3 Rxc1+ 25. Rxc1 Nd7 26. Kg1 Nc5 27.
Rd1 Rb6 28. Rd2 Rb4 29. Nd5 Rxa4 30. Nxe7 Rd4 31. Nc8 Nxe4 32. Re2 Nc5 33. b4
Nxd3 34. Rd2 Kf6 35. Kf1 Ke6 36. g3 Kd7 37. Nb6+ Kc6 38. Na8 Kb5 39. Rd1 Kc4
40. Nb6+ Kc3 41. Ke2 Re4+ 42. Kf3 Re1 43. Na4+ Kxb4 44. Rxd3 Kxa4 45. Rxd6 Re7
46. Kg4 f5+ 47. Kg5 Ka5 48. h3 b5 49. g4 Rf7 50. Rd5 Kb6 51. Rd6+ Kb7 52. Rd5
b4 53. Rd4 a5 54. Rd5 Kb6 55. Rd6+ Kc5 56. Ra6 Kb5 57. Rd6 b3 0-1

[Event "V Festival Terre degli Elimi A"]
[Site "Erice ITA"]
[Date "2014.07.19"]
[Round "1"]
[White "Maiorov, Nikita"]
[Black "Bifulco, Michel"]
[WhiteElo "2531"]
[BlackElo "2084"]
[Result "1-0"]
[PlyCount "77"]
[EventDate "2014.07.19"]

1. d4 Nf6 2. c4 c5 3. d5 b5 4. cxb5 a6 5. bxa6 g6 6. Nc3 Bxa6 7. g3 d6 8. Bg2
Bg7 9. Nf3 O-O 10. O-O Nfd7 11. Nd2 Nb6 12. Re1 N8d7 13. Qc2 Qc7 14. b3 Rfb8
15. Bb2 Ne5 16. h3 Nc8 17. a3 Na7 18. Nce4 Rb7 19. Rac1 Rab8 20. b4 Rc8 21.
Bxe5 Bxe5 22. bxc5 Rb2 23. Qd1 f5 24. Ng5 Qa5 25. Nc4 Bxc4 26. Rxc4 Rxc5 27.
Rxc5 Qxc5 28. Qa4 Rb5 29. Qh4 h5 30. Ne6 Qc3 31. Rf1 Bf6 32. Qa4 Qa5 33. Qf4
Kh7 34. e4 Qxa3 35. exf5 Rb4 36. fxg6+ Kxg6 37. Be4+ Kf7 38. Qh6 Ke8 39. Qf8+
1-0

[Event "V Festival Terre degli Elimi A"]
[Site "Erice ITA"]
[Date "2014.07.19"]
[Round "1"]
[White "Mangelschots, Peter"]
[Black "Mantovani, Renzo"]
[WhiteElo "2053"]
[BlackElo "2349"]
[Result "1/2-1/2"]
[PlyCount "81"]
[EventDate "2014.07.19"]

1. Nf3 Nf6 2. c4 c5 3. Nc3 g6 4. g3 Bg7 5. Bg2 O-O 6. O-O Nc6 7. d4 cxd4 8.
Nxd4 Nxd4 9. Qxd4 d6 10. Rd1 a6 11. Bg5 Rb8 12. Qd2 Be6 13. Nd5 Nxd5 14. cxd5
Bd7 15. Rac1 Re8 16. Rc2 Rc8 17. Rxc8 Bxc8 18. b3 Bd7 19. e4 Bf6 20. Be3 a5 21.
Rc1 h5 22. h4 b5 23. Bf1 b4 24. Bd4 Qb8 25. Qe3 Bxd4 26. Qxd4 f6 27. Ba6 Kg7
28. Qc4 Qb6 29. Qc7 Qxa6 30. Qxd7 Kf8 31. Rc4 Qb6 32. Qe6 Qb7 33. Rc6 Qb5 34.
Rc4 Qb7 35. e5 fxe5 36. Qxg6 Qxd5 37. Qxh5 Qf7 38. Qh8+ Qg8 39. Qh5 Qf7 40.
Qh8+ Qg8 41. Qh5 1/2-1/2

[Event "V Festival Terre degli Elimi A"]
[Site "Erice ITA"]
[Date "2014.07.19"]
[Round "1"]
[White "Melograni, Francesco"]
[Black "Iwanow, Anna"]
[WhiteElo "1860"]
[BlackElo "2210"]
[Result "0-1"]
[PlyCount "44"]
[EventDate "2014.07.19"]

1. d4 Nf6 2. c4 g6 3. Nc3 Bg7 4. e4 O-O 5. Bg5 c5 6. d5 d6 7. f3 a6 8. g4 Nbd7
9. Nge2 Ne5 10. Ng3 b5 11. Be2 Nxc4 12. Bxc4 bxc4 13. h4 Rb8 14. Qd2 Nd7 15. h5
Ne5 16. Ke2 Nd3 17. Rab1 Be5 18. Nf1 Qa5 19. Ne3 Nxb2 20. Ned1 Nxd1 21. Rxb8
Nxc3+ 22. Kf2 Qc7 0-1

[Event "V Festival Terre degli Elimi A"]
[Site "Erice ITA"]
[Date "2014.07.19"]
[Round "1"]
[White "Ovaskainen, Juha"]
[Black "Vanparys, Philip"]
[WhiteElo "1839"]
[BlackElo "2141"]
[Result "0-1"]
[PlyCount "68"]
[EventDate "2014.07.19"]

1. d4 d5 2. c4 Nc6 3. e3 Nf6 4. Nc3 e6 5. Nf3 Be7 6. Be2 O-O 7. O-O b6 8. Ne5
Nxe5 9. dxe5 Ne4 10. Qc2 Nxc3 11. Qxc3 Ba6 12. b3 c6 13. Bb2 Rc8 14. Rfd1 Qc7
15. Rac1 Qb7 16. Rd2 b5 17. c5 b4 18. Qc2 Bxe2 19. Rxe2 Qb5 20. Bd4 f6 21. Rd2
fxe5 22. Bxe5 Rf5 23. f4 Rcf8 24. g4 Rxe5 25. fxe5 Bg5 26. Rd3 d4 27. Rf1 Bxe3+
28. Kg2 Rxf1 29. Kxf1 Qb8 30. Rxe3 dxe3 31. Qc4 Qxe5 32. Qxb4 Qxh2 33. Ke1 Qf2+
34. Kd1 e2+ 0-1